00580nmm a2200169Ia 4500008004100000020001800041041000800059100003000067245009900097264005200196300001800248490002700266650004300293856005000336942000700386999001700393251105s9999||||xx |||||||||||||||||und|| a9788477371922 aspa aSánchez Herrero, José 0aHistoria de la Iglesia en España e Hispanoamérica :b Desde sus inicios hasta el siglo XXI a[Madrid, España] :bSílex Ediciones, c2008 a480 páginas aBiblioteca Histórica aHistory of the Americas: Latin America uhttps://public.digitaliapublishing.com/a/1230 cCF c85351d85351